[Event "IECC O-3314"]
[White "Auger, Pierre"]
[Black "Ashkenazi, Gilad"]
[Site "IECC email"]
[Round "?"]
[Result "0-1"]
[Date "2011.03.27"]
[WhiteElo "1357"]
[BlackElo "1376"]
[PlyCount "48"]
[EventDate "2011.??.??"]
[EventType "swiss (corr)"]
[EventRounds "2"]
[SourceTitle "Telechess CBM 145"]
[Source "Chessbase"]
[SourceDate "2011.11.11"]
[SourceVersion "1"]
[SourceVersionDate "2011.11.11"]
[SourceQuality "1"]
[WhiteTeam "Canada"]
[BlackTeam "Israel"]
[WhiteTeamCountry "CAN"]
[BlackTeamCountry "ISR"]

1. d4 Nf6 2. c4 g6 3. Nc3 d5 4. Qb3 c6 5. cxd5 Nxd5 6. Nf3 Nxc3 7. bxc3 Bg7 8. Bg5 c5 9. Qb5+ Nd7 10. e3 a6 11. Qa4 0-0 12. Bd3 cxd4 13. cxd4 h6 14. Bh4 Nc5 15. Qa3 Nxd3+ 16. Qxd3 Bf5 17. Qa3 f6 18. Qb3+ e6 19. 0-0 Qd5 20. Rfc1 Qxb3 21. axb3 Rac8 22. Nd2 Bc2 23. Ra5 Rfd8 24. b4 g5 0-1

[Event "IECC O-3312"]
[White "Ashkenazi, Gilad"]
[Black "Dotti Contra, Alessandro"]
[Site "IECC email"]
[Round "?"]
[Result "1-0"]
[Date "2011.03.20"]
[WhiteElo "1392"]
[BlackElo "1157"]
[PlyCount "61"]
[EventDate "2011.??.??"]
[EventType "swiss (corr)"]
[EventRounds "2"]
[SourceTitle "Telechess CBM 145"]
[Source "Chessbase"]
[SourceDate "2011.11.11"]
[SourceVersion "1"]
[SourceVersionDate "2011.11.11"]
[SourceQuality "1"]
[WhiteTeam "Israel"]
[BlackTeam "Italy"]
[WhiteTeamCountry "ISR"]
[BlackTeamCountry "ITA"]

1. e4 e5 2. Nf3 Nc6 3. Bc4 h6 4. d4 Nf6 5. Nxe5 Nxe5 6. dxe5 Ng4 7. Qxg4 d5 8. Bb5+ c6 9. Qe2 Be6 10. Bd3 Bc5 11. Be3 Qe7 12. Bxc5 Qxc5 13. exd5 Bxd5 14. Qg4 Be6 15. Qxg7 0-0-0 16. Nc3 Qb4 17. 0-0-0 Qf4+ 18. Rd2 Rdg8 19. Qf6 Qxf6 20. exf6 Rxg2 21. f4 Rhg8 22. Rxg2 Rxg2 23. f5 Bd5 24. Nxd5 cxd5 25. h4 a5 26. Bb5 Rf2 27. Be8 Rxf5 28. Bxf7 Kd7 29. Rd1 Kd6 30. Rxd5+ Rxd5 31. Bxd5 1-0